The East Africa law reports. (Record no. 1774)
[ view plain ]
| 000 -LEADER | |
|---|---|
| fixed length control field | 02506cas a2200541 a 4500 |
| 001 - CONTROL NUMBER | |
| control field | 13509942 |
| 005 - DATE AND TIME OF LATEST TRANSACTION | |
| control field | 20110511101714.0 |
| 008 - FIXED-LENGTH DATA ELEMENTS--GENERAL INFORMATION | |
| fixed length control field | 810609c19689999ke fx w 0 a0eng c |
| 010 ## - LIBRARY OF CONGRESS CONTROL NUMBER | |
| LC control number | sn 77010917 |
| Canceled/invalid LC control number | 2003408715 |
| 012 ## - | |
| -- | -3-7-1012210011-p----- |
| 022 ## - INTERNATIONAL STANDARD SERIAL NUMBER | |
| International Standard Serial Number | 1684-4874 |
| -- | 1684-4874 |
| 035 ## - SYSTEM CONTROL NUMBER | |
| System control number | (OCoLC)ocm07489384 |
| 040 ## - CATALOGING SOURCE | |
| Original cataloging agency | N |
| Transcribing agency | N |
| Modifying agency | N |
| -- | OCoLC |
| -- | DLC |
| -- | MH-L |
| -- | MiU-L |
| -- | OCoLC |
| -- | DLC |
| 042 ## - AUTHENTICATION CODE | |
| Authentication code | pcc |
| 043 ## - GEOGRAPHIC AREA CODE | |
| Geographic area code | fe----- |
| 050 00 - LIBRARY OF CONGRESS CALL NUMBER | |
| Classification number | KQC20 |
| Item number | .E17 |
| 050 14 - LIBRARY OF CONGRESS CALL NUMBER | |
| Classification number | KRL2.23.A2 |
| Item number | E27x |
| 245 04 - TITLE STATEMENT | |
| Title | The East Africa law reports. |
| 246 1# - VARYING FORM OF TITLE | |
| Display text | Citation title, 1968-1975: |
| Title proper/short title | E.A. |
| 246 1# - VARYING FORM OF TITLE | |
| Display text | Citation title, 1976/1985-<2008>: |
| Title proper/short title | EA |
| 246 1# - VARYING FORM OF TITLE | |
| Display text | Binder's title, 1968-1971, 1973 : |
| Title proper/short title | Law reports of the Court of Appeals for Eastern Africa |
| 246 3# - VARYING FORM OF TITLE | |
| Title proper/short title | E A |
| 246 13 - VARYING FORM OF TITLE | |
| Title proper/short title | EALR |
| 260 ## - PUBLICATION, DISTRIBUTION, ETC. (IMPRINT) | |
| -- | 1968-1975: |
| Place of publication, distribution, etc | London : |
| Name of publisher, distributor, etc | Butterworths, |
| Date of publication, distribution, etc | c1969- |
| 260 3# - PUBLICATION, DISTRIBUTION, ETC. (IMPRINT) | |
| -- | 1976-<2008>: |
| Place of publication, distribution, etc | Durban, South Africa : |
| Name of publisher, distributor, etc | LexisNexis Butterworths ; |
| Place of publication, distribution, etc | Nairobi, Kenya : |
| Name of publisher, distributor, etc | LawAfrica |
| 300 ## - PHYSICAL DESCRIPTION | |
| Extent | v. ; |
| Dimensions | 25 cm. |
| 310 ## - CURRENT PUBLICATION FREQUENCY | |
| Current publication frequency | Annual, |
| Date of current publication frequency | 1999-<2008> |
| 321 ## - FORMER PUBLICATION FREQUENCY | |
| Former publication frequency | Frequency varies |
| 362 0# - DATES OF PUBLICATION AND/OR SEQUENTIAL DESIGNATION | |
| Dates of publication and/or sequential designation | 1968- |
| 500 ## - GENERAL NOTE | |
| General note | Issues for 1968-1975 consist of cases from the Court of Appeal for East Africa, and the High Courts of Kenya, Tanzania, and Uganda; issues for 1999-<2003> consist of cases from the High Courts, other East African Courts, and the Court of Justice for the Common Market for Eastern and Southern Africa. |
| 500 ## - GENERAL NOTE | |
| General note | Issue for 1975 reprinted in 1984 by: Professional Books Ltd., Abingdon, Oxon. |
| Institution to which field applies | DLC |
| 515 ## - NUMBERING PECULIARITIES NOTE | |
| Numbering peculiarities note | Publication suspended from 1976-1999. Gap volumes are published retrospectively (not in chronological order) covering 1976-1999. |
| 515 ## - NUMBERING PECULIARITIES NOTE | |
| Numbering peculiarities note | Reports for 1999-<2008> issued in 2 vols. a year. |
| 588 ## - | |
| -- | Latest issue consulted: 2008. |
| 650 #0 - SUBJECT ADDED ENTRY--TOPICAL TERM | |
| Topical term or geographic name as entry element | Law reports, digests, etc. |
| Geographic subdivision | Africa, East. |
| 710 2# - ADDED ENTRY--CORPORATE NAME | |
| Corporate name or jurisdiction name as entry element | Court of Appeal for East Africa. |
| 710 1# - ADDED ENTRY--CORPORATE NAME | |
| Corporate name or jurisdiction name as entry element | Kenya. |
| Subordinate unit | High Court. |
| 710 1# - ADDED ENTRY--CORPORATE NAME | |
| Corporate name or jurisdiction name as entry element | Tanzania. |
| Subordinate unit | High Court. |
| 710 1# - ADDED ENTRY--CORPORATE NAME | |
| Corporate name or jurisdiction name as entry element | Uganda. |
| Subordinate unit | High Court. |
| 710 2# - ADDED ENTRY--CORPORATE NAME | |
| Corporate name or jurisdiction name as entry element | Common Market for Eastern and Southern Africa. |
| Subordinate unit | Court of Justice. |
| 776 08 - ADDITIONAL PHYSICAL FORM ENTRY | |
| Display text | Also issued on CD-ROM as: |
| Title | East Africa law reports series on CD-ROM |
| Record control number | (OCoLC)53371572 |
| 780 00 - PRECEDING ENTRY | |
| Title | Eastern Africa law reports |
| Record control number | (DLC) 62051069 |
| -- | (OCoLC)1567271 |
| 906 ## - LOCAL DATA ELEMENT F, LDF (RLIN) | |
| a | 7 |
| b | cbc |
| c | serials |
| d | 2 |
| e | ncip |
| f | 19 |
| g | n-oclcserc |
| 925 0# - | |
| -- | Acquire |
| -- | 1 shelf copy |
| -- | policy default |
| 991 ## - | |
| -- | c-LL |
| -- | LAW <East Africa 5> |
| -- | Copy 1 |
No items available.
